Les hypothéses cosmogoniques (Record no. 167960)

MARC details
000 -LEADER
campo de control de longitud fija 00766nam a22002055i 4500
001 - NÚMERO DE CONTROL
campo de control 167960
003 - IDENTIFICADOR DE NÚMERO DE CONTROL
campo de control ES-MaACL
005 - FECHA Y HORA DE LA ÚLTIMA TRANSACCIÓN
campo de control 20240125164759.0
008 - DATOS DE LONGITUD FIJA--INFORMACIÓN GENERAL
campo de control de longitud fija 000127s1886 fr |||| | fre d
040 ## - FUENTE DE CATALOGACIÓN
Centro catalogador/agencia de origen M-RACE
Lengua de catalogación spa
Centro/agencia transcriptor M-RACE
Centro/agencia modificador CCPB | B
100 1# - ENTRADA PRINCIPAL--NOMBRE DE PERSONA
Nombre de persona Wolf, C.
9 (RLIN) 133953
245 14 - MENCIÓN DEL TÍTULO
Título Les hypothéses cosmogoniques
Resto del título : examen des théories scientifiques modernes sur l'origine des mondes suivi de la traduction de la théorie du ciel de Kant /
Mención de responsabilidad, etc. par C. Wolf.
260 ## - PUBLICACIÓN, DISTRIBUCIÓN, ETC.
Lugar de publicación, distribución, etc. Paris :
Nombre del editor, distribuidor, etc. Gauthier-Villars,
Fecha de publicación, distribución, etc. 1886.
300 ## - DESCRIPCIÓN FÍSICA
Extensión XIII, 255 p. ;
Dimensiones 24 cm.
600 14 - PUNTO DE ACCESO ADICIONAL DE MATERIA--NOMBRE DE PERSONA
Nombre de persona Kant, Immanuel,
Fechas asociadas al nombre 1724-1804
9 (RLIN) 222608
650 #4 - PUNTO DE ACCESO ADICIONAL DE MATERIA--TÉRMINO DE MATERIA
Término de materia o nombre geográfico como elemento de entrada Cosmología.
9 (RLIN) 11389
752 ## - ENTRADA AGREGADA--NOMBRE JERÁRQUICO DEL LUGAR
País o entidad superior Francia -
Ciudad París
852 ## - LOCALIZACIÓN
Ubicación ES-MaACL
Número de control de estantería F-11310
Nota libre -- Enc. pasta española
Holdings
Estatus retirado Estado de pérdida Estado de daño No para préstamo Colección Biblioteca de origen Biblioteca actual Ubicación en estantería Fecha de adquisición Fuente de adquisición Total de préstamos Signatura topográfica completa Código de barras Visto por última vez Precio de reemplazo Tipo de ítem Koha
        Libros del s. XIX Biblioteca del Ateneo de Madrid Biblioteca del Ateneo de Madrid Sala Pecera Planta 2 17/01/2008     F-11310 1176209 23/02/2023 23/02/2023 Libro impreso antiguo